<?xml version="1.0" encoding="UTF-8"?>
<record
    xmlns:xsi="http://www.w3.org/2001/XMLSchema-instance"
    xsi:schemaLocation="http://www.loc.gov/MARC21/slim http://www.loc.gov/standards/marcxml/schema/MARC21slim.xsd"
    xmlns="http://www.loc.gov/MARC21/slim">

  <leader>00437nam a22001697a 4500</leader>
  <controlfield tag="005">20250426123239.0</controlfield>
  <controlfield tag="008">250426b        |||||||| |||| 00| 0 eng d</controlfield>
  <datafield tag="041" ind1=" " ind2=" ">
    <subfield code="a">mar</subfield>
  </datafield>
  <datafield tag="082" ind1=" " ind2=" ">
    <subfield code="a">891.46</subfield>
    <subfield code="b">KUL B22602</subfield>
  </datafield>
  <datafield tag="100" ind1=" " ind2=" ">
    <subfield code="a">Kulkarni  M S</subfield>
    <subfield code="9">211664</subfield>
  </datafield>
  <datafield tag="245" ind1=" " ind2=" ">
    <subfield code="a">Konarkcha Kalasaddhyay</subfield>
  </datafield>
  <datafield tag="260" ind1=" " ind2=" ">
    <subfield code="a">Pune </subfield>
    <subfield code="b">Bharatiya Vichar Sadhana Prakashan</subfield>
    <subfield code="c">2019</subfield>
  </datafield>
  <datafield tag="300" ind1=" " ind2=" ">
    <subfield code="a">40p</subfield>
  </datafield>
  <datafield tag="500" ind1=" " ind2=" ">
    <subfield code="a">Marathi Literature </subfield>
  </datafield>
  <datafield tag="500" ind1=" " ind2=" ">
    <subfield code="a">Literature</subfield>
  </datafield>
  <datafield tag="942" ind1=" " ind2=" ">
    <subfield code="c">BK</subfield>
  </datafield>
  <datafield tag="999" ind1=" " ind2=" ">
    <subfield code="c">365989</subfield>
    <subfield code="d">365989</subfield>
  </datafield>
  <datafield tag="952" ind1=" " ind2=" ">
    <subfield code="0">0</subfield>
    <subfield code="1">0</subfield>
    <subfield code="2">ddc</subfield>
    <subfield code="4">0</subfield>
    <subfield code="7">0</subfield>
    <subfield code="a">HIMR</subfield>
    <subfield code="b">HIMR</subfield>
    <subfield code="d">2025-03-17</subfield>
    <subfield code="e">Bharatiya Vichar Sadhana Foundation </subfield>
    <subfield code="g">140.00</subfield>
    <subfield code="i">HO/IN/579</subfield>
    <subfield code="l">0</subfield>
    <subfield code="o">891.46 KUL B22602</subfield>
    <subfield code="p">HIMR-BK-22602</subfield>
    <subfield code="r">2025-04-26 00:00:00</subfield>
    <subfield code="t">30</subfield>
    <subfield code="v">98.00</subfield>
    <subfield code="w">2025-03-11</subfield>
    <subfield code="y">BK</subfield>
    <subfield code="z">B22602</subfield>
  </datafield>
</record>
